Word Ladder: Home Improvement Quiz Stats

 Plays Quiz Updated May 21, 2019

Score 0/30 Timer 03:00
2 Plays Today
Clue 4-Letter Word % Correct
Highway fareTOLL
95.9%
Farm buildingBARN
94%
Monastery manMONK
93.8%
Expensive furMINK
93.2%
Poorly litDARK
91.1%
Mindy's alien roommateMORK
90.9%
Swiss capitalBERN
89.6%
He likes his martinis shakenBOND
89.6%
Youngest Taylor son• MARK •
89.5%
A clueHINT
88.2%
Rosary componentBEAD
88%
South ____, IndianaBEND
87.9%
Communist Manifesto co-author MarxKARL
87.7%
Spear or pepper followerMINT
85.8%
Fix some knitted socksDARN
85.8%
Clue 4-Letter Word % Correct
Obtain money for work doneEARN
83.4%
Place to stack moneyTILL
83.3%
Talus, ulna or stapesBONE
83.2%
Dagger handleHILT
81.9%
Vocal soundTONE
81.6%
Heavy bookTOME
80.8%
Rowan Atkinson characterBEAN
80.4%
Al Borland portrayer Richard• KARN •
79%
Neighbor Wilson portrayer Hindman• EARL •
78.9%
Taylor family matriarch• JILL •
77.4%
Dump at the altarJILT
76.7%
Oldest of Tim's three sons•BRAD•
72.6%
Show within a show [First Rung] ____•TIME•
70%
Game of Thrones' Three Eyed RavenBRAN
67.1%
Show within a show ____ [Last Rung]• TOOL •
66.4%

Today's Daily Dose

Word Ladder
Lean on Me

Get the Picture
Superhero by Villain

You're not logged in!

Compare scores with friends on all Sporcle quizzes.
OR
Log In

Sporcle TV

Today on Sporcle TV


Watch our educational content, quiz creation guides, and fun videos on Sporcle TV.

Show Comments

Extras

Top Quizzes Today


Score Distribution

Your Account Isn't Verified!

In order to create a playlist on Sporcle, you need to verify the email address you used during registration. Go to your Sporcle Settings to finish the process.

Report this User

Report this user for behavior that violates our Community Guidelines.

Details: